A course in theoretical physics (Record no. 76951)
[ view plain ]
| 000 -LEADER | |
|---|---|
| fixed length control field | 01561nam a2200349 a 4500 |
| 082 04 - DEWEY DECIMAL CLASSIFICATION NUMBER | |
| Classification number | 530 |
| 100 1# - MAIN ENTRY--AUTHOR NAME | |
| Personal name | Shepherd, Peter J. |
| 245 12 - TITLE STATEMENT | |
| Title | A course in theoretical physics |
| 260 ## - PUBLICATION, DISTRIBUTION, ETC. (IMPRINT) | |
| Place of publication | Chichester, West Sussex, U.K. : |
| Name of publisher | John Wiley & Sons, Inc., |
| Year of publication | 2013. |
| 300 ## - PHYSICAL DESCRIPTION | |
| Number of Pages | xvi, 465 p. : |
| Other physical details | ill. |
| 500 ## - GENERAL NOTE | |
| General note | Includes index. |
| General note | "Central concepts, laws and results, with full mathematical derivations, in: quantum mechanics, thermal and statistical physics, many-body theory, classical theory of fields, special and general relativity, relativistic quantum mechanics, gauge theories in particle physics." |
| 650 #0 - SUBJECT ADDED ENTRY--TOPICAL TERM | |
| Topical Term | Quantum theory |
| Topical Term | Statistical physics |
| Topical Term | Physics |
| 856 40 - ELECTRONIC LOCATION AND ACCESS | |
| Uniform Resource Identifier | http://site.ebrary.com/lib/rucke/Doc?id=10657549 |
No items available.
